Migración interna en México y causas de su movilidad /
保存先:
| 第一著者: | |
|---|---|
| その他の著者: | , |
| フォーマット: | 図書 |
| 言語: | Spanish |
| タグ: |
タグ追加
タグなし, このレコードへの初めてのタグを付けませんか!
|
MARC
| LEADER | 00000nam a22000007a 4500 | ||
|---|---|---|---|
| 003 | cru CIDCACS/IIS | ||
| 005 | 20171122094428.0 | ||
| 007 | ta | ||
| 008 | 171116s2017 mx |||p|r|||| 00| 0 spa d | ||
| 999 | |c 40631 |d 40631 | ||
| 040 | |c cru CIDCACS/IIS | ||
| 100 | 1 | |9 6065 |a Varela Llamas, Rogelio | |
| 245 | 1 | |a Migración interna en México y causas de su movilidad / |c Rogelio Varela LLamas, Juan Manuel Ocegueda Hernández, Ramón A. Castillo Ponce | |
| 300 | |a páginas 141-167: |b tablas, gráficos | ||
| 700 | 1 | |9 6066 |a Ocegueda Hernández, Juan Manuel | |
| 700 | 1 | |9 6067 |a Castillo Ponce, Ramón A. | |
| 773 | 0 | |0 19269 |9 1587 |a FLACSO, México |d México: FLACSO |o 18360 |t Perfiles Latinoamericanos / |x 01887653 | |
| 942 | |2 ddc |c PP | ||
